Literárna výchova pre 9. ročník ZŠ a 4. ročník gymnázií s osemročným štúdiom : učebnica

Bibliographic Details
Main Author: Petríková, Daniela (Author)
Other Authors: Cihovičová, Eva (Illustrator)
Format: Book
Language:Slovak
PhysicalDescription:128 strán farebné ilustrácie 24 cm
Published: Bratislava Expol Pedagogika 2025
ISBN:9788082805645
Edition:Vydanie prvé
Subjects:

MARC

LEADER 00000cam a2200000 4500
001 vtls012286284
003 SK-MaSNL
005 20260302063434.0
008 251030s2025 xo a d p 000 0 slo
015 |a SNBA2026/02 
020 |a 9788082805645  |q (brožované) 
040 |a SNK  |b slo  |c SNK  |e rda 
041 0 |a slo 
044 |a xo  |c SK 
072 7 |a 82  |x Literatúra. Literárny život  |2 konspekt 
072 7 |a 37.016  |x Učebné osnovy. Vyučovacie predmety. Učebnice  |2 konspekt 
080 |a 37.016:82  |2 2011 
080 |a (075.3)  |2 2011 
080 |a (075.2)  |2 2011 
100 1 |a Petríková, Daniela  |4 aut  |9 21731 
245 1 0 |a Literárna výchova  |b pre 9. ročník ZŠ a 4. ročník gymnázií s osemročným štúdiom : učebnica  |c Daniela Petríková 
250 |a Vydanie prvé 
264 1 |a Bratislava  |b Expol Pedagogika  |c 2025 
300 |a 128 strán  |b farebné ilustrácie  |c 24 cm 
336 |a text  |b txt  |2 rdacontent 
337 |a bez média  |b n  |2 rdamedia 
338 |a zväzok  |b nc  |2 rdacarrier 
500 |a Obsahuje poznámky pod čiarou 
650 0 7 |a literárna výchova  |2 SNKPH  |9 1653 
650 0 7 |a Literary education  |2 SNKPHeng  |9 274096 
655 7 |a učebnice stredných škôl  |2 SNKPH  |9 69323 
655 7 |a čítanky  |2 SNKPH  |9 60817 
655 7 |a Secondary school textbooks  |2 SNKPHeng  |9 135487 
655 7 |a Readers  |2 SNKPHeng  |9 300493 
655 7 |a učebnice základných škôl  |2 SNKPH  |9 70187 
655 7 |a Textbooks (elementary)  |2 SNKPHeng  |9 276977 
700 1 |a Cihovičová, Eva  |4 ill  |9 328542 
700 1 |a Matrtajová, Dana  |4 bkd  |9 448357 
852 |a Slovenská národná knižnica 
919 |a 978-80-8280-564-5 
954 |a odborná, vedecká literatúra pôvodná (slovenská)  |2 lita 
999 |c 1132632  |d 1134562 
952 |a SNK  |b SNK  |y PREZ  |7 0  |p 17A1583084  |o snkSC 212772  |i snk2025/19820  |8 0  |0 0  |1 0  |4 0  |d 2025-12-05  |l 0  |r 2026-02-24 19:07:35  |w 2026-02-24